Online Catalogue and eLibrary

An appraisal of the federal Alternative for Sri Lanka (Record no. 2340)

MARC details
000 -LEADER
fixed length control field 00244nam a2200097Ia 4500
008 - FIXED-LENGTH DATA ELEMENTS--GENERAL INFORMATION
fixed length control field 240331s9999 xx 000 0 und d
082 ## - DDC Classification
Item Number - Author Mark DES
100 ## - MAIN ENTRY--PERSONAL NAME
Personal name De Silva, H.L
245 #3 - TITLE STATEMENT
Title An appraisal of the federal Alternative for Sri Lanka
942 ## - Koha item type (Biblio)
Koha item type Books in Stacks (Lending)

No items available.

© WERC Library